00330pab a2200133 454500008004000000100001800040245003800058260000900096300001200105362001200117650001800129650001000147773003900157180718b1998 xxu||||| |||| 00| 0 eng d aAgarwal, A.K. aChanging scenario of Indian banks c1998 ap.68-71 aJan-Jun aBanks - India aBanks aPolitical Economy Journal of India